01198nam a2200193Ia 4500001001100000003001000011008004100021040002500062041001400087100004200101245008900143250001100232260008600243300001200329500026400341501011400605520026400719650002100983L269-31884IT-CnALBA170116s9999||||xx |||||||||||||| ||und|| aIT-CnALBAcIT-CnALBA aBILINGUE  aPONTIFICIA COMMISSIONE AMERICA LATINA 0aLOS EVANGELIZADORES: OBISPOS, SACERDOTES, DIACONOS, RELIGIOSOS, RELIGIOSAS, LAICOS.  a1a ed. a ROMAbLIBRERIA EDITRICE VATICANA c1996 [1° Ed.:1996 - Ed.Ling.Originale: 1996] a230 p.  aIL TERZO MILLENNIO IN AMERICA LATINA. GESÙ CRISTO EVANGELIZZATORE: TEOLOGIA BIBLICA. CONTINENTE EVANGELIZZATO ED EVANGELIZZATORE. I SACERDOTI PROTAGONISTI. MISSIONE DEI RELIGIOSI E DELLE RELIGIOSE. GIOVANI LAICI. LE FAMIGLIE. SOLIDARIETÀ E COOPERAZIONE. L aSocietà San Paolo EM - Piazza San Paolo, 14 - 12051 ALBA (CN) (non commercial uses only) ® Copyright 2017 aIL TERZO MILLENNIO IN AMERICA LATINA. GESÙ CRISTO EVANGELIZZATORE: TEOLOGIA BIBLICA. CONTINENTE EVANGELIZZATO ED EVANGELIZZATORE. I SACERDOTI PROTAGONISTI. MISSIONE DEI RELIGIOSI E DELLE RELIGIOSE. GIOVANI LAICI. LE FAMIGLIE. SOLIDARIETÀ E COOPERAZIONE. L aEVANGELIZZAZIONE